000 00669nam a2200241Ia 4500
003 OSt
005 20220918182238.0
006 a|||||r|||| 00| 0
007 ta
008 220917b |||||||| |||| 00| 0 eng d
024 _a31,418
037 _cTextual
040 _aARTS
_cARTS
_beng
041 _2eng
_aeng
082 _aO-,1:g.N<-K, L0
100 _aBate W Jackson
_959905
245 0 _aBurden of the past and the english poet
260 _aCambridge
_bBelknap Press Of Harvard Univ Press
_c1970
300 _axi,141p.
_ccm.
650 _aENGLISH LITERATURE
942 _hO-,1:g.N<-K, L0
_cTEXL
_2CC
999 _c168276
_d168276